|
|
|
|
| LEADER |
01993nam a22004934a 4500 |
| 001 |
29578 |
| 003 |
BD-DhAAL |
| 005 |
20150812122548.0 |
| 008 |
150812s2006 caua b 001 0 eng |
| 010 |
|
|
|a 2006014169
|
| 015 |
|
|
|a GBA651009
|2 bnb
|
| 016 |
7 |
|
|a 013480310
|2 Uk
|
| 020 |
|
|
|a 0787975478 (cloth)
|
| 020 |
|
|
|a 9780787975470
|
| 035 |
|
|
|a 5828232
|
| 035 |
|
|
|a (OCoLC)68192457
|
| 040 |
|
|
|a DLC
|c DLC
|d BAKER
|d UKM
|d DST
|d C#P
|d BD-DhAAL
|
| 042 |
|
|
|a pcc
|
| 050 |
0 |
0 |
|a LB1057
|b .J46 2006
|
| 082 |
0 |
0 |
|a 370.1523
|2 22
|
| 100 |
1 |
|
|a Jensen, Eric,
|d 1950-
|9 13693
|
| 245 |
1 |
0 |
|a Enriching the brain :
|b how to maximize every learner's potential /
|c Eric Jensen.
|
| 250 |
|
|
|a 1st ed.
|
| 260 |
|
|
|a San Francisco :
|b Jossey-Bass, A John Wiley & Sons Imprint,
|c c2006.
|
| 300 |
|
|
|a xiv, 330 p. :
|b ill. ;
|c 24 cm.
|
| 504 |
|
|
|a Includes bibliographical references (p. 287-316) and index.
|
| 541 |
|
|
|e 29578
|
| 650 |
|
0 |
|a Learning, Psychology of.
|9 10033
|
| 650 |
|
0 |
|a Learning
|x Physiological aspects.
|9 13694
|
| 650 |
|
0 |
|a Learning.
|9 13695
|
| 650 |
|
0 |
|a Brain.
|9 13696
|
| 650 |
|
0 |
|a Teaching.
|9 13697
|
| 650 |
|
0 |
|a Educational psychology.
|9 10588
|
| 650 |
|
7 |
|a Brain
|2 fast
|9 13698
|
| 650 |
|
7 |
|a Educational psychology
|2 fast
|9 10588
|
| 650 |
|
7 |
|a Learning
|2 fast
|9 13699
|
| 650 |
|
7 |
|a Learning
|x Physiological aspects
|2 fast
|9 13700
|
| 650 |
|
7 |
|a Learning, Psychology of
|2 fast
|9 10033
|
| 650 |
|
7 |
|a Teaching
|2 fast
|9 13701
|
| 856 |
4 |
1 |
|3 Table of contents
|u http://www.loc.gov/catdir/toc/ecip0613/2006014169.html
|
| 942 |
|
|
|2 ddc
|c BK
|
| 999 |
|
|
|c 35213
|d 35213
|
| 952 |
|
|
|0 0
|1 0
|2 ddc
|4 0
|6 370_152300000000000_JEN
|7 0
|9 55201
|a BRACUL
|b BRACUL
|c GEN
|d 2015-08-12
|e BRAC Institute of Language (BIL)
|l 4
|m 14
|o 370.1523 JEN
|p 3010029578
|r 2026-03-28
|s 2026-03-28
|t 1
|w 2015-08-12
|y BK
|x Transferred from BIL to BRACUL on 06/06/22
|
| 952 |
|
|
|0 0
|1 1
|2 ddc
|4 0
|6 370_152300000000000_JEN
|7 0
|9 55202
|a BIL
|b BIL
|c GEN
|d 2015-08-12
|e BRAC Institute of Language (BIL)
|l 0
|o 370.1523 JEN
|p 3010029579
|r 2015-08-12
|t 2
|w 2015-08-12
|y BK
|